[Event "GER-ch (Women)"]
[Site "Bad Wiessee"]
[Date "2015.02.06"]
[Round "1"]
[White "Ries, Jutta"]
[Black "Roos, Kseniya"]
[Result "0-1"]
[WhiteElo "1981"]
[BlackElo "2230"]
[PlyCount "54"]
[EventDate "2015.02.06"]
[EventType "swiss"]
[EventRounds "9"]
[EventCountry "GER"]
[SourceTitle "CBM 164 Extra"]
[Source "ChessBase"]
[SourceDate "2015.03.02"]
[SourceVersion "1"]
[SourceVersionDate "2015.03.02"]
[SourceQuality "1"]

1. f4 d5 2. Nf3 Nc6 3. b3 Bg4 4. e3 e5 5. fxe5 Bxf3 6. Qxf3 Nxe5 7. Qg3 Ng6 8. Nc3 c6 9. Bb2 Bd6 10. Qf2 Nf6 11. Be2 Qc7 12. g3 h5 13. 0-0-0 h4 14. g4 0-0 15. g5 Ne4 16. Nxe4 dxe4 17. Bh5 Qa5 18. Bxg6 fxg6 19. Qxh4 Qxa2 20. Qxe4 Ba3 21. Qc4+ Rf7 22. d3 Qxb2+ 23. Kd2 b5 24. Qxc6 Rf2+ 25. Ke1 Raf8 26. Qe6+ R8f7 27. Qc8+ Bf8 0-1

[Event "Dresden ZMD op 23rd"]
[Site "Dresden"]
[Date "2014.08.17"]
[Round "3"]
[White "Sand, Rolf"]
[Black "Roos, Kseniya"]
[Result "0-1"]
[WhiteElo "1958"]
[BlackElo "2272"]
[PlyCount "66"]
[EventDate "2014.08.15"]
[EventType "swiss"]
[EventRounds "9"]
[EventCountry "GER"]
[SourceTitle "CBM 161 Extra"]
[Source "ChessBase"]
[SourceDate "2014.08.29"]
[SourceVersion "1"]
[SourceVersionDate "2014.08.29"]
[SourceQuality "1"]

1. c4 c5 2. g3 Nc6 3. Bg2 d6 4. Nc3 g6 5. Nf3 Bg7 6. 0-0 e5 7. a3 Nge7 8. Rb1 a5 9. Ne1 0-0 10. Nc2 f5 11. Ne3 f4 12. Ned5 fxg3 13. fxg3 Bg4 14. h3 Be6 15. Rxf8+ Bxf8 16. d3 Nf5 17. Kh2 Kg7 18. Bd2 Rb8 19. b4 axb4 20. axb4 cxb4 21. Nxb4 Nxb4 22. Rxb4 d5 23. Rb1 dxc4 24. dxc4 Qd4 25. Be1 Bxc4 26. Rxb7+ Rxb7 27. Bxb7 Bb4 28. Qc1 Bc5 29. Bd2 Qf2+ 30. Bg2 Qxg3+ 31. Kh1 Ne3 32. Bxe3 Bxe3 33. Ne4 Qxg2+ 0-1

[Event "GER-chT Federal Cup (Women)"]
[Site "Braunfels"]
[Date "2014.06.21"]
[Round "4.1"]
[White "Roos, Kseniya"]
[Black "Benzen, Marthe"]
[Result "1-0"]
[WhiteElo "2253"]
[BlackElo "1860"]
[PlyCount "91"]
[EventDate "2014.06.19"]
[EventType "team-swiss"]
[EventRounds "5"]
[EventCountry "GER"]
[SourceTitle "EXT 2015"]
[Source "ChessBase"]
[SourceDate "2014.11.20"]
[SourceVersion "1"]
[SourceVersionDate "2014.11.20"]
[SourceQuality "1"]
[WhiteTeam "Sachsen (W)"]
[BlackTeam "Schleswig Holstein (W)"]
[WhiteTeamCountry "GER"]
[BlackTeamCountry "GER"]

1. e4 e5 2. Nf3 Nc6 3. Bb5 a6 4. Ba4 Nf6 5. Qe2 b5 6. Bb3 d6 7. c3 Bg4 8. d3 Be7 9. h3 Bh5 10. Nbd2 0-0 11. g4 Bg6 12. Nf1 Na5 13. Bc2 Re8 14. Ng3 c5 15. 0-0 Qc7 16. Nh4 d5 17. Nhf5 Bf8 18. h4 dxe4 19. dxe4 Bxf5 20. exf5 Rad8 21. g5 Nd5 22. Qg4 Nc6 23. Ne4 Nf4 24. Be3 c4 25. Kh2 Rd5 26. Rg1 Kh8 27. Rg3 Rdd8 28. h5 a5 29. Rag1 b4 30. g6 h6 31. f6 fxg6 32. hxg6 Rd7 33. Ng5 Nd8 34. Nf7+ Nxf7 35. gxf7 Rxf7 36. Bxf4 Rxf6 37. Be3 e4 38. Kh1 Rfe6 39. Bd4 R8e7 40. Qf5 Qd8 41. Rf3 Re8 42. Rh3 Kg8 43. f3 e3 44. Rxg7+ Bxg7 45. Qh7+ Kf8 46. Qxg7# 1-0

[Event "GER-chT Federal Cup (Women)"]
[Site "Braunfels"]
[Date "2014.06.20"]
[Round "2.1"]
[White "Roos, Kseniya"]
[Black "Kryger, Oksana"]
[Result "1-0"]
[WhiteElo "2253"]
[BlackElo "2055"]
[PlyCount "57"]
[EventDate "2014.06.19"]
[EventType "team-swiss"]
[EventRounds "5"]
[EventCountry "GER"]
[SourceTitle "EXT 2015"]
[Source "ChessBase"]
[SourceDate "2014.11.20"]
[SourceVersion "1"]
[SourceVersionDate "2014.11.20"]
[SourceQuality "1"]
[WhiteTeam "Sachsen (W)"]
[BlackTeam "Nordrhein Westfalen (W)"]
[WhiteTeamCountry "GER"]
[BlackTeamCountry "GER"]

1. g3 d5 2. d3 Nf6 3. Bg2 c6 4. Nd2 e5 5. c3 Bc5 6. d4 exd4 7. Nb3 dxc3 8. Nxc5 cxb2 9. Bxb2 Qa5+ 10. Qd2 Qxc5 11. Rc1 Qe7 12. Rc3 Be6 13. f4 Ne4 14. Bxe4 dxe4 15. Re3 f5 16. Nh3 Nd7 17. Ng5 0-0 18. g4 Nf6 19. Ba3 c5 20. Rg1 b6 21. Bb2 fxg4 22. Nxe4 Nxe4 23. Rxe4 Qh4+ 24. Rg3 Bf5 25. Qd5+ Kh8 26. Qb7 Qh6 27. Re7 Qxh2 28. Bxg7+ Kg8 29. Qd5+ 1-0

[Event "Dresden ZMD op 20th"]
[Site "Dresden"]
[Date "2011.08.11"]
[Round "6"]
[White "Roos, Kseniya"]
[Black "Pirrot, Dieter"]
[Result "1-0"]
[WhiteElo "2265"]
[BlackElo "2390"]
[PlyCount "55"]
[EventDate "2011.08.06"]
[EventType "swiss"]
[EventRounds "9"]
[EventCountry "GER"]
[SourceTitle "CBM 143 Extra"]
[Source "ChessBase"]
[SourceDate "2011.08.29"]
[SourceVersion "1"]
[SourceVersionDate "2011.08.29"]
[SourceQuality "1"]

1. g3 d5 2. Bg2 e6 3. d3 c5 4. Nd2 Nc6 5. Ngf3 g6 6. e4 Bg7 7. 0-0 Nge7 8. Re1 0-0 9. e5 Qc7 10. Qe2 b6 11. Nf1 a5 12. h4 a4 13. N1h2 Ba6 14. Ng4 c4 15. Bh6 Nf5 16. Bxg7 Kxg7 17. Qd2 cxd3 18. h5 h6 19. cxd3 Qe7 20. Rac1 Rac8 21. Rxc6 Rxc6 22. Nd4 gxh5 23. Nxc6 Qb7 24. Nxh6 Nxh6 25. Qg5+ Kh7 26. Nb4 Bb5 27. Qxh5 Qe7 28. Bxd5 1-0

[Event "Dresden ZMD op 20th"]
[Site "Dresden"]
[Date "2011.08.08"]
[Round "3"]
[White "Zumsande, Martin"]
[Black "Roos, Kseniya"]
[Result "1-0"]
[WhiteElo "2434"]
[BlackElo "2265"]
[PlyCount "79"]
[EventDate "2011.08.06"]
[EventType "swiss"]
[EventRounds "9"]
[EventCountry "GER"]
[SourceTitle "CBM 143 Extra"]
[Source "ChessBase"]
[SourceDate "2011.08.29"]
[SourceVersion "1"]
[SourceVersionDate "2011.08.29"]
[SourceQuality "1"]

1. e4 g6 2. d4 d6 3. Nc3 c6 4. f4 d5 5. e5 h5 6. Be3 Nh6 7. Nf3 Bg4 8. h3 Bxf3 9. Qxf3 Nf5 10. Bf2 h4 11. Bd3 e6 12. 0-0 Nd7 13. Ne2 b5 14. b3 b4 15. Rfc1 Qb6 16. c4 bxc3 17. Rxc3 Ba3 18. Rb1 Bb4 19. Rc2 Rc8 20. Kh2 a5 21. Bxf5 exf5 22. Qxd5 cxd5 23. Rxc8+ Qd8 24. Rbc1 Nf8 25. R1c7 Qxc8 26. Rxc8+ Kd7 27. Ra8 Kc6 28. Nc1 Rh7 29. Nd3 Ne6 30. Nxb4+ axb4 31. Be1 Nxf4 32. Bxb4 g5 33. Bd2 Ne6 34. Rc8+ Kb7 35. Rg8 f4 36. Kg1 Rh6 37. Kf2 f6 38. Bb4 f3 39. gxf3 Nxd4 40. Bf8 1-0